| 000 | 01515cam a22003615a 4500 | ||
|---|---|---|---|
| 001 | 16776345 | ||
| 005 | 20150812160303.0 | ||
| 008 | 110510t2013 mdua frb 001 0 eng d | ||
| 020 | _a0763774146 | ||
| 020 | _a9780763774141 | ||
| 040 |
_aDNLM/DLC _cDLC _dEG-ScBUE _beng |
||
| 082 | 0 | 4 |
_a610.73 _bCLI _222 |
| 245 | 0 | 0 |
_aClinical guidelines for advanced practice nursing : _ban interdisciplinary approach / _cedited by Geraldine M. Collins-Bride, JoAnne M. Saxe. |
| 250 | _a2nd ed. | ||
| 260 |
_aBurlington : _bJones & Bartlett Learning, _cc.2013. |
||
| 300 |
_axxiii, 647 p. : _bill. ; _c28 cm. |
||
| 500 | _aRev. ed. of: Nurse practitioner/physician collaborative practice / edited by Geraldine M. Collins-Bride and JoAnne M. Saxe. San Francisco, Calif. : School of Nursing, University of California, UCSF Nursing Press, c1998. | ||
| 500 | _a"In cooperation with UCSF School of Nursing"--Cover. | ||
| 500 | _aIndex : p. 629-647. | ||
| 504 | _aIncludes bibliographical references. | ||
| 650 | 0 |
_aNurse practitioners. _2BUEsh |
|
| 650 | 0 |
_aPrimary care (Medicine). _2BUEsh |
|
| 650 | 0 |
_aNursing. _2BUEsh |
|
| 650 | 1 | 2 |
_aAdvanced Practice Nursing _vGuideline. _2BUEsh |
| 650 | 2 | 2 |
_aClinical Protocols _xstandards _vGuideline. _2BUEsh |
| 650 | 2 | 2 |
_aNursing Care _xmethods _vGuideline. _2BUEsh |
| 651 | _2BUEsh | ||
| 653 |
_bNNUR _cJuly2015 _cAugust2015 |
||
| 655 |
_vreading book _934232 |
||
| 700 | 1 |
_aCollins-Bride, Geraldine M., _eeditor. |
|
| 700 | 1 |
_aSaxe, JoAnne M. _eeditor. |
|
| 942 |
_2ddc _k610.73 CLI |
||
| 999 |
_c20133 _d20105 |
||